LEADER 01406nas 2200481-a 450 001 996203915403316 005 20160829052413.9 011 $a1092-3845 035 $a(OCoLC)36220219 035 $a(CKB)991042749786654 035 $a(CONSER)sn-97003374- 035 $a(EXLCZ)99991042749786654 100 $a19970117a19939999 s-- a 101 0 $aeng 135 $aurcnu|||||||| 181 $ctxt$2rdacontent 182 $cc$2rdamedia 183 $acr$2rdacarrier 200 10$aJournal of Oregon ornithology $e(JOO) 210 $aNewport, Or. $cGahmken Press$d1993- 300 $aTitle from journal home page (viewed Feb. 10, 1999). 311 $a1066-9450 517 3 $aJOO 531 0 $aJ. of Or. ornith. 606 $aBirds$zOregon$vPeriodicals 606 $aBird populations$zOregon$vPeriodicals 606 $aBirding sites$zOregon$vPeriodicals 606 $aBird populations$2fast$3(OCoLC)fst00832929 606 $aBirding sites$2fast$3(OCoLC)fst00832969 606 $aBirds$2fast$3(OCoLC)fst00832970 607 $aOregon$2fast 608 $aPeriodicals.$2fast 615 0$aBirds 615 0$aBird populations 615 0$aBirding sites 615 7$aBird populations. 615 7$aBirding sites. 615 7$aBirds. 676 $a598 906 $aJOURNAL 912 $a996203915403316 996 $aJournal of Oregon ornithology$92008199 997 $aUNISA LEADER 01542nam 2200397Ia 450 001 996387331603316 005 20221108021723.0 035 $a(CKB)1000000000623124 035 $a(EEBO)2248505183 035 $a(OCoLC)11825019 035 $a(EXLCZ)991000000000623124 100 $a19850319d1674 uy | 101 0 $aeng 135 $aurbn||||a|bb| 200 14$aThe Roman horseleech, or An impartial account of the intolerable charge of popery to this nation ..$b[electronic resource] $eto which is annexed an essay of the supremacy of the King of England 205 $a[32], 286. p. 210 $aLondon $cPrinted by R.W. for Ralph Smith ...$d1674 215 $a[32], 286, [2] p 300 $aReproduction of original in Huntington Library. 300 $aAttributed to Thomas Staveley. cf. NUC pre-1956. 300 $aAlso attributed to William Stanley by Wing. 300 $a"The contents": p. [29]-[30]. 300 $aDicusses religious rites and groups which drew money from England, e.g. indulgences, Knights Templar, King John, etc. 330 $aeebo-0113 607 $aGreat Britain$xPolitics and government$y1660-1714 700 $aStanley$b William$f1647-1731.$01010981 701 $aStaveley$b Thomas$f1626-1684.$01019241 801 0$bEAA 801 1$bEAA 801 2$bm/c 801 2$bUMI 801 2$bWaOLN 906 $aBOOK 912 $a996387331603316 996 $aThe Roman horseleech, or An impartial account of the intolerable charge of popery to this nation .$92401820 997 $aUNISA